Basic circuit theory (Record no. 567204)

000 -LEADER
fixed length control field 00502nam a22001937a 4500
003 - CONTROL NUMBER IDENTIFIER
control field CEME
005 - DATE AND TIME OF LATEST TRANSACTION
control field 20210628201809.0
008 - FIXED-LENGTH DATA ELEMENTS--GENERAL INFORMATION
fixed length control field 210208b xxu||||| |||| 00| 0 eng d
020 ## - INTERNATIONAL STANDARD BOOK NUMBER
International Standard Book Number 81-203-0971-5
040 ## - CATALOGING SOURCE
Transcribing agency .
082 ## - DEWEY DECIMAL CLASSIFICATION NUMBER
Classification number 621.3192 HUE
100 ## - MAIN ENTRY--PERSONAL NAME
Personal name Huelsman, Lawrence P
9 (RLIN) 56874
245 ## - TITLE STATEMENT
Title Basic circuit theory
250 ## - EDITION STATEMENT
Edition statement 3RD
260 ## - PUBLICATION, DISTRIBUTION, ETC.
Place of publication, distribution, etc. NEW DELHI
Name of publisher, distributor, etc. PRENTICE HALL
Date of publication, distribution, etc. 2002
300 ## - PHYSICAL DESCRIPTION
Extent XII,755P
650 ## - SUBJECT ADDED ENTRY--TOPICAL TERM
Topical term or geographic name entry element CIRCUIT THEORY.FOURIER SERIES.FOURIER TRANSFORMS
9 (RLIN) 56875
942 ## - ADDED ENTRY ELEMENTS (KOHA)
Koha item type Book
Source of classification or shelving scheme
Holdings
Withdrawn status Lost status Damaged status Not for loan Permanent Location Current Location Shelving location Date acquired Total Checkouts Total Renewals Full call number Barcode Checked out Date last seen Date last checked out Price effective from Koha item type
        College of Electrical & Mechanical Engineering (CEME) College of Electrical & Mechanical Engineering (CEME) General Stacks 07/12/2017 1 1 621.3192 HUE CEME-40611 01/23/2026 11/13/2025 11/13/2025 06/28/2021 Book
© 2023 Central Library, National University of Sciences and Technology. All Rights Reserved.